Petit Corps, Solann paroles - Statistiques

Statistiques générales
  • Ce quiz a été pris 47 fois
  • Le résultat moyen est 186 sur 255
Statistiques - réponses
Réponse % Correct
corps
100%
corps,
100%
Petit
100%
petit
100%
de
96%
je
96%
Je
96%
le
96%
les
93%
Les
93%
ma
93%
demain
89%
demain,
89%
et
89%
Et
89%
Un,
89%
à
86%
À
86%
deux,
86%
deux
86%
Pour
86%
pour
86%
trois
86%
crois,
82%
croise
82%
dans
82%
Dans
82%
des
82%
doigts
82%
l'instant,
82%
l'instant
82%
me
82%
Mais
79%
mes
79%
Mes
79%
moment,
79%
moment
79%
se
79%
Une
79%
une
79%
'Fin,
75%
os
75%
qui
75%
En
71%
autres
68%
est
68%
mains
68%
sera
68%
sont
68%
Ça
64%
ça
64%
distorsion
64%
grand
64%
fois
61%
fois,
61%
pas
61%
quand
61%
aura
57%
faim
57%
faux
57%
glisse
57%
L'eau
57%
loin
57%
nuit
57%
n'y
57%
pense
57%
place
57%
qu'ils
57%
résonne
57%
si
57%
sonne
57%
aiment
54%
bras
54%
finie
54%
j'observe
54%
leurs
54%
matrice
54%
miens
54%
parties
54%
s'aimera
54%
chaque
50%
J'laisse
50%
même
50%
reste
50%
suffira
50%
délègue
46%
envie
46%
ils
46%
j'ai
46%
j'angoisse
46%
Moins
46%
moins
46%
S'éternise
46%
Silencieusement
46%
bien
43%
m'enlacent
43%
dépasse
39%
faire
39%
froid
39%
J'me
39%
rien
39%
dédouane
36%
J'peux
36%
m'embrassent
36%
Pareil
36%
prends
36%
vivra
36%
draps
32%
parois
32%
sous
32%
fond
29%
percute
29%
respire
29%
claque
25%
dents
25%
tremble
25%
déraisonne
21%
griffes
21%
débattent
18%
dedans
18%
m'agrippe
18%
poumons
18%
flotte
14%
rentre,
14%
respirera
14%
sorties,
11%
Aucun quiz correspondant
Distribution des résultats
% des personnes avec chaque résultat
Percentile par nombre de réponses
Votre historique - résultats
Vous n’avez pas pris ce quiz